Statistics for Vikipedi Açıklamalarına Göre Asya Şehirleri

Click here to take the quiz!

General Stats

  • This quiz has been taken 201 times
  • The average score is 5 of 20

Answer Stats

İpucuCevap% Correct
Boğaziçi boğazını ikiye böler ve hem Avrupa hem de Asya'da bulunurİstanbul
88%
Üç büyük İbrahimi din için kutsal kabul edilirKudüs
87%
Kıbrıs'ın en büyük şehri, başkenti ve yönetim merkezidir.Lefkoşa
53%
1923 Büyük Kanto depremi tarafından harap edildi ve yine
İkinci Dünya Savaşı sırasında Müttefikler tarafından bombalandı
Tokyo
44%
2022 FIFA Dünya Kupası'na ev sahipliği yapacakDoha
33%
23 Mart 2019'da Kazakistan parlamentosunda oybirliğiyle yapılan oylamanın ardından,
şehrin adı değişti
Nur-Sultan
32%
Hazar Denizi'ndeki en büyük şehir, deniz seviyesinden 28 metre (92 ft) aşağıdadır.Bakü
27%
1930'ların sonundan sonra halk "Angora" adını kullanmayı bıraktı.Ankara
25%
Hindistan'daki tüm şehirler arasında en fazla milyoner ve milyarder sayısına sahiptir.Mumbai
21%
2013’ten beri sürekli olarak yaşanılabilecek en pahalı şehir sıralamasında birinci sırada ve ayrıca önemli bir finans ve nakliye merkezidir. Bazen vergi cenneti olarak da tanımlanır.Singapur
18%
İkinci Afyon Savaşı'ndan sonra 1860 yılında Kowloon Yarımadası'na kadar genişleyen koloniHong Kong
15%
Rusya'nın Çin ve Kuzey Kore sınırlarından çok uzakta değilVladivostok
12%
İslam Altın Çağı boyunca Abbasi döneminin çoğu için dünyanın en büyük şehriydi.Bağdad
7%
Nanjing’in resmi başkenti ve Çin Cumhuriyeti’nin geçici başkentiTaipei
6%
Eskiden Krallık Kulesi olarak bilinen bu önerilen kule,
1 kilometre (0.62 mil) boyunda duracak
Cidde
5%
Sessiz, kalabalık ve ferah olması için ve “Doğu Asya'nın atipiği” olması için yetkililer şehre kısıtlayıcı bir hareket rejimi uyguluyor.Pyongyang
5%
Bu şehir Güney Vietnam'ın başkentiydi.Ho Chi Minh Kenti
4%
Lollywood’a, yani ülkenin film endüstrisine ev sahipliği yapıyor.Lahore
4%
Hokkaido'daki en büyük şehirSapporo
3%
İpek Yolu'nun başlangıç ​​noktası ve İmparator Qin Shi Huang'ın Terracotta Ordusu'na ev sahipliği yapıyor.Xi'an
2%

Score Distribution

Percentile by Number Answered

Percent of People with Each Score

Your Score History

You have not taken this quiz